Melhor que a encomenda (Record no. 191683)

MARC details
000 -LÍDER
campo de controle de tamanho fixo 00365 a2200169 4500
001 - NÚMERO DE CONTROLE
campo de controle 191683
020 ## - ISBN - INTERNATIONAL STANDARD BOOK NUMBER
ISBN - International Standard Book Number 85-262-5214-3
040 ## - FONTE DA CATALOGAÇÃO
Instituição que transcreveu o registro Magnum
100 ## - ENTRADA PRINCIPAL--NOME PESSOAL
Nome pessoal Lima, Edy
240 10 - TÍTULO UNIFORME
Título uniforme Melhor que a encomenda
Idioma da obra por
245 10 - TÍTULO
Título Melhor que a encomenda
300 ## - DESCRIÇÃO FÍSICA
Extensão 55
362 0# - DATAS DE PUBLICAÇÃO E/OU DESIGNAÇÃO SEQUENCIAL
Datas de publicação e/ou designação sequencial 2004
440 #1 - DECLARAÇÃO DE SÉRIE/ENTRADA ADICIONADA--TÍTULO
Título Scipione
697 ## - ENTRADA DE ASSUNTO LOCAL--ENTIDADE COLETIVA (RLIN)
Nome corporativo ou nome da jurisdição LITERATURA INFANTO-JUVENIL
942 ## - ELEMENTOS DE ENTRADA ADICIONADOS (KOHA)
Tipo de material Koha Livros
Holdings
Situação do descarte Situação das perdas Situação física Não pode ser emprestado Biblioteca de origem Biblioteca atual Data de aquisição Total de empréstimos Número de chamada completo Código de barras Data de último acesso Data do preço efetivo Tipo de material Koha Fonte da classificação ou esquema de arquivamento na estante Número do exemplar
        Magnum Magnum 08/06/2024   869.2.1421 MAG00069346 08/06/2024 08/06/2024 Livros    
        Magnum Magnum 08/06/2024   869.2.1421 MAG00069347 08/06/2024 08/06/2024 Livros    
        Magnum Magnum 08/06/2024   869.2.1421 MAG00069348 08/06/2024 08/06/2024 Livros    
        Magnum Magnum 08/06/2024   869.2.1421 MAG00069349 08/06/2024 08/06/2024 Livros    
        Magnum Magnum 08/06/2024   869.2.1421 MAG00069350 08/06/2024 08/06/2024 Livros    
        Magnum Magnum 08/06/2024   869.2.1421 MAG00069351 08/06/2024 08/06/2024 Livros    
        Magnum Magnum 08/06/2024   869.2.1421 MAG00069352 08/06/2024 08/06/2024 Livros    
        Magnum Magnum 08/06/2024   869.2.1421 MAG00069353 08/06/2024 08/06/2024 Livros    
        Portinari - Salvador Portinari - Salvador 08/07/2024   028.5 L732m 9374/CCP 08/07/2024 08/07/2024 Livros   Ex. 1